Peach Bowl Game Participants - Statistics

General Stats
  • This quiz has been taken 31 times
  • The average score is 30 of 44
Answer Stats
# Season(s) Conf. Answer Record % Correct
1 2016 SEC Alabama 1-0
92%
3 1981, 2004, 2018 SEC Florida 1-2
92%
4 1968, 1983, 2010, 2015 ACC Florida State 2-2
88%
7 1973, 1989, 1995, 1998, 20062020, 2022 SEC Georgia 5-2
88%
7 1968, 1996, 2000, 2005, 20082012, 2019 SEC LSU 6-1
88%
5 1970, 1976, 1983, 1992, 2001 ACC North Carolina 2-3
83%
6 1990, 1997, 2001, 2007, 20112017 SEC Auburn 4-2
79%
8 1979, 1993, 1996, 1997, 19992003, 2007, 2012 ACC Clemson 3-5
79%
3 1980, 2004, 2005 ACC Miami 2-1
79%
1 2019 Big 12 Oklahoma 0-1
79%
2 1969, 2010 SEC South Carolina 0-2
79%
2 1976, 1993 SEC Kentucky 1-1
75%
1 2018 Big Ten Michigan 0-1
75%
5 1982, 1987, 2002, 2003, 2009 SEC Tennessee 1-4
75%
1 2013 SEC Texas A&M 1-0
75%
4 1984, 1995, 1998, 2011 ACC Virginia 2-2
75%
4 1980, 1986, 2006, 2009 ACC Virginia Tech 2-2
75%
1 2021 Big Ten Michigan State 1-0
71%
1 2022 Big Ten Ohio State 0-1
71%
2 1971, 2014 SEC Ole Miss 1-1
71%
1 1974 SEC Vanderbilt 0-0-1
71%
1 1979 Big 12 Baylor 1-0
67%
1 2013 ACC Duke 0-1
67%
4 1971, 1978, 2000, 2008 ACC Georgia Tech 0-4
67%
2 1987, 1990 Big Ten Indiana 0-2
67%
3 1992, 1994, 1999 SEC Mississippi State 1-2
67%
7 1972, 1975, 1977, 1986, 19881991, 1994 ACC NC State 4-3
67%
1 2014 Big 12 TCU 1-0
67%
1 1974 Big 12 Texas Tech 0-0-1
67%
1 1970 Pac-12 Arizona State 1-0
63%
1 1985 Big Ten Illinois 0-1
63%
2 1978, 1984 Big Ten Purdue 1-1
63%
1 2016 Pac-12 Washington 0-1
63%
1 2015 American Houston 1-0
58%
2 1973, 2002 Big Ten Maryland 1-1
58%
2 1982, 1988 Big Ten Iowa 1-1
54%
1 1989 ACC Syracuse 1-0
54%
1 2021 ACC Pittsburgh 0-1
50%
1 2017 Big 12 UCF 1-0
50%
1 2020 Big 12 Cincinnati 0-1
46%
1 1977 Big 12 Iowa State 0-1
46%
4 1969, 1972, 1975, 1981 Big 12 West Virginia 3-1
46%
1 1985 Independent Army 1-0
38%
1 1991 American East Carolina 1-0
17%
No matching quizzes found
Score Distribution
Percent of People with Each Score
Percentile by Number Answered
Your Score History
You have not taken this quiz